Architecture of manasara, (Record no. 11361)
[ view plain ]
| 000 -LEADER | |
|---|---|
| fixed length control field | 00433 a2200169 4500 |
| 003 - CONTROL NUMBER IDENTIFIER | |
| control field | OSt |
| 005 - DATE AND TIME OF LATEST TRANSACTION | |
| control field | 20230321125409.0 |
| 008 - FIXED-LENGTH DATA ELEMENTS--GENERAL INFORMATION | |
| fixed length control field | 230309b ||||| |||| 00| 0 eng d |
| 020 ## - INTERNATIONAL STANDARD BOOK NUMBER | |
| International Standard Book Number | 9788175364127 |
| 082 ## - DEWEY DECIMAL CLASSIFICATION NUMBER | |
| Classification number | 722.44 |
| Item number | ACH |
| 100 ## - MAIN ENTRY--PERSONAL NAME | |
| Personal name | Prasanna Kumar Acharya |
| 245 ## - TITLE STATEMENT | |
| Title | Architecture of manasara, |
| Remainder of title | Manasara Series:4 |
| 260 ## - PUBLICATION, DISTRIBUTION, ETC. (IMPRINT) | |
| Name of publisher, distributor, etc | Low price publications |
| Date of publication, distribution, etc | 2015 |
| Place of publication, distribution, etc | Delhi |
| 300 ## - PHYSICAL DESCRIPTION | |
| Extent | 793p.; |
| 490 ## - SERIES STATEMENT | |
| Series statement | Series:4 |
| 942 ## - ADDED ENTRY ELEMENTS (KOHA) | |
| Source of classification or shelving scheme | |
| Withdrawn status | Lost status | Source of classification or shelving scheme | Damaged status | Koha normalized classification for sorting | Not for loan | Permanent location | Current location | Date acquired | Source of acquisition | Cost, normal purchase price | Total Checkouts | Full call number | Barcode | Date last seen | Date last borrowed | Cost, replacement price | Price effective from | Koha item type |
|---|---|---|---|---|---|---|---|---|---|---|---|---|---|---|---|---|---|---|
| 722_440000000000000_ACH | BMS College of Architecture, Design and Planning | BMS College of Architecture, Design and Planning | 2023-03-16 | 3 | 895.00 | 1 | 722.44 ACH | AR-UG2984 | 2023-09-14 | 2023-09-13 | 895.00 | 2023-03-16 | UG Books | |||||
| 722_440000000000000_ACH | BMS College of Architecture, Design and Planning | BMS College of Architecture, Design and Planning | 2023-03-16 | 3 | 895.00 | 722.44 ACH | AR-UG2985 | 2023-03-16 | 895.00 | 2023-03-16 | UG Books | |||||||
| 722_440000000000000_ACH | BMS College of Architecture, Design and Planning | BMS College of Architecture, Design and Planning | 2023-03-16 | 3 | 895.00 | 722.44 ACH | AR-UG2986 | 2023-03-16 | 895.00 | 2023-03-16 | UG Books | |||||||
| 722_440000000000000_ACH | BMS College of Architecture, Design and Planning | BMS College of Architecture, Design and Planning | 2023-03-16 | 3 | 895.00 | 722.44 ACH | AR-UG2944 | 2023-03-16 | 895.00 | 2023-03-16 | UG Books | |||||||
| 722_440000000000000_ACH | BMS College of Architecture, Design and Planning | BMS College of Architecture, Design and Planning | 2023-03-16 | 3 | 895.00 | 1 | 722.44 ACH | AR-UG2945 | 2025-11-22 | 2025-11-10 | 895.00 | 2023-03-16 | UG Books |